000 00423nam a22001577a 4500
999 _c10454
_d10454
003 OSt
008 210213b ||||| |||| 00| 0 eng d
022 _a9789388902724
100 _aJohn, Nitin Ashok.
245 _aC C Chatterjee's Human Physiology
250 _a13nd 2020.
260 _aNew Delhi
_bCBS Publishers & Distributors
_c2020
300 _a1150
650 _aHuman Anatomy and Physiology
942 _2ddc
_cBK
_01